| 000 | 00485nam a22001697a 4500 | ||
|---|---|---|---|
| 003 | SGT | ||
| 020 | _a9788131247440 | ||
| 082 |
_a610.7367 _bN17S |
||
| 100 | _aSWEARINGEN, PAMELA L. | ||
| 245 | _aNURSING CARE PLANNING RESOURCE VOL.-1 MEDICAL SURGICAL NURSING | ||
| 250 | _a1ST S.A. | ||
| 260 |
_aINDIA _bELSEVIER PUB _c2017 |
||
| 300 | _a612 | ||
| 650 | _aMEDICAL SURGICAL NURSING | ||
| 653 | _aNURSING CARE PLANNING RESOURCE VOL.-1 MEDICAL SURGICAL NURSING | ||
| 942 |
_2ddc _cBK |
||
| 999 |
_c24943 _d24943 |
||